Role of Unconditional Cash Transfer in Reducing Risk and Building Resilience of Communities in Pakistan an Analytical Study (Record no. 553976)

000 -LEADER
fixed length control field 00451nam a22001457a 4500
082 ## - DEWEY DECIMAL CLASSIFICATION NUMBER
Classification number T-217
100 ## - MAIN ENTRY--PERSONAL NAME
Personal name Asad Mahmood
9 (RLIN) 51243
245 ## - TITLE STATEMENT
Title Role of Unconditional Cash Transfer in Reducing Risk and Building Resilience of Communities in Pakistan an Analytical Study
260 ## - PUBLICATION, DISTRIBUTION, ETC.
Place of publication, distribution, etc. Risalpur,
Name of publisher, distributor, etc. MCE,
Date of publication, distribution, etc. 2017.
300 ## - PHYSICAL DESCRIPTION
Extent 76p,
Other physical details ill,
526 ## - STUDY PROGRAM INFORMATION NOTE
Program name 0
Interest level 0
Reading level 0
Title point value T_217
650 ## - SUBJECT ADDED ENTRY--TOPICAL TERM
Topical term or geographic name entry element MS DM-2
9 (RLIN) 51244
700 ## - ADDED ENTRY--PERSONAL NAME
Personal name Dr Naeem Shahzad PhD
9 (RLIN) 51245
942 ## - ADDED ENTRY ELEMENTS (KOHA)
Source of classification or shelving scheme
Koha item type Book
Holdings
Withdrawn status Lost status Source of classification or shelving scheme Damaged status Not for loan Permanent Location Current Location Date acquired Total Checkouts Full call number Barcode Date last seen Price effective from Koha item type
          Military College of Engineering (MCE) Military College of Engineering (MCE) 09/20/2017   T-217 MCE-T-217 09/20/2017 09/20/2017 Book
© 2023 Central Library, National University of Sciences and Technology. All Rights Reserved.